01016nam a2200277 a 450000100060000000300080000600500170001400800410003102000150007203500190008704000270010604100080013308200260014110000310016724500610019826000290025930000340028849000890032250400300041165000290044165000280047083000590049894200120055799900170056995201520058668095BD-RjUL20211209081730.0170330s1970 nyua b 001 0 eng  a0471260606 a(BD-RjUL)68304 aDLCcDLCdBD-RjULbeng aeng00a658.403223bFIU 19701 aFishburn, Peter C.920167410aUtility theory for decision making /cPeter C. Fishburn. aNew York :bWiley,c1970 axiv, 234 p. :bill. ;c23 cm.1 aOperations Research Society of America. Publications in operations research,vno. 18 aBibliography: p. 223-227. 0aDecision making.9201861 0aUtility theory.9201862 0aPublications in operations research ;vno. 18.9154350 2ddccBK c68095d68095 00102ddc40718NFICaRUCLbRUCLcReadingd1974-05-30eNational book agencyg150.00l0o658.403 FIU 1970r2017-03-30 00:00:00tC-1w2017-03-30yBK